00355nam a2200109Ia 4500008004100000082000800041100002100049245005900070942000600129952009500135999001500230240331s9999 xx 000 0 und d bDEV aKotze, D.A, . ed 0aDevelopment policies and approaches in Southern Africa cL 001040708LaWERCLbWERCLcSSCd2024-03-31l0o 335 DEVp2193r2024-03-31w2024-03-31yL c2743d2743